[Event "BL 1516 (Women)"]
[Site "Germany"]
[Date "2016.02.28"]
[Round "9.6"]
[White "Lehmann, Christina"]
[Black "Haussernot, Cecile"]
[Result "1-0"]
[WhiteElo "2067"]
[BlackElo "2177"]
[PlyCount "151"]
[EventDate "2015.09.26"]
[EventType "team-tourn"]
[EventRounds "11"]
[EventCountry "GER"]
[SourceTitle "EXT 2017"]
[Source "ChessBase"]
[SourceDate "2016.10.25"]
[SourceVersion "1"]
[SourceVersionDate "2016.10.25"]
[SourceQuality "1"]
[WhiteTeam "Grosslehna (W)"]
[BlackTeam "Baden-Baden (W)"]
[WhiteTeamCountry "GER"]
[BlackTeamCountry "GER"]

1. d4 Nf6 2. c4 e6 3. Nc3 Bb4 4. e3 0-0 5. Bd3 d5 6. cxd5 exd5 7. Nge2 Re8 8. 0-0 Bd6 9. f3 c5 10. Qe1 Nc6 11. Qh4 h6 12. Kh1 Be7 13. Qf2 Be6 14. Bd2 a6 15. Rad1 b5 16. Bb1 b4 17. Na4 Qa5 18. Nxc5 Bxc5 19. dxc5 Qxc5 20. Rc1 Qb6 21. Nd4 Ne5 22. b3 Rac8 23. Rxc8 Rxc8 24. Rc1 Re8 25. Qg3 Bd7 26. Qf4 Nh5 27. Qh4 Nf6 28. Qf4 a5 29. Nf5 Bxf5 30. Qxf5 Qe6 31. Qxe6 fxe6 32. Kg1 Kf8 33. Rc5 Ke7 34. Rxa5 Nc6 35. Rb5 Rc8 36. Kf2 d4 37. exd4 Nd5 38. Rc5 Kd6 39. Be4 Rf8 40. Bxd5 exd5 41. Rb5 Ra8 42. Bxb4+ Ke6 43. a4 Nxd4 44. Rb6+ Ke5 45. Bd6+ Kf5 46. g4+ Kf6 47. f4 Ne6 48. Be5+ Kf7 49. Rb7+ Ke8 50. f5 Nc5 51. Rxg7 Ra6 52. Bf4 Nxb3 53. Rg6 Rxa4 54. Bxh6 Kf7 55. Rg7+ Kf6 56. h3 Nc5 57. Rc7 Rc4 58. Ke2 Re4+ 59. Kf3 Nb3 60. h4 Nd4+ 61. Kg3 Ne2+ 62. Kf2 Rxg4 63. Bg5+ Kxf5 64. Kxe2 Ke4 65. Re7+ Kf5 66. Kd3 Ra4 67. Rf7+ Ke6 68. Rf4 Ra3+ 69. Kd4 Ra4+ 70. Kc5 Ra5+ 71. Kb4 Ra1 72. Kc3 Ke5 73. Rf8 Rh1 74. Re8+ Kf5 75. Re3 Rd1 76. Rd3 1-0

[Event "BL 1415 (Women)"]
[Site "Germany"]
[Date "2014.11.30"]
[Round "4.6"]
[White "Zpevakova, Jana"]
[Black "Lehmann, Christina"]
[Result "1/2-1/2"]
[WhiteElo "2020"]
[BlackElo "2061"]
[PlyCount "42"]
[EventDate "2014.09.27"]
[EventType "team-tourn"]
[EventRounds "11"]
[EventCountry "GER"]
[SourceTitle "CBM 166 Extra"]
[Source "ChessBase"]
[SourceDate "2015.06.18"]
[SourceVersion "1"]
[SourceVersionDate "2015.06.18"]
[SourceQuality "1"]
[WhiteTeam "Schwaebisch Hall (W)"]
[BlackTeam "Grosslehna (W)"]
[WhiteTeamCountry "GER"]
[BlackTeamCountry "GER"]

1. d4 c5 2. d5 e5 3. e4 d6 4. Nc3 Ne7 5. f4 exf4 6. Bxf4 Ng6 7. Be3 Be7 8. Nf3 Nd7 9. Be2 a6 10. a4 b6 11. 0-0 0-0 12. Qd2 Nde5 13. Nxe5 Nxe5 14. Bf4 Ng6 15. Bg3 Bf6 16. Nd1 Qe7 17. c3 Be5 18. Bf2 Bd7 19. Ne3 Bf4 20. Bf3 Qg5 21. Qe2 Ne5 1/2-1/2

[Event "BL 1213 (Women)"]
[Site "Germany"]
[Date "2013.02.16"]
[Round "8.6"]
[White "Lehmann, Christina"]
[Black "Lauterbach, Ingrid"]
[Result "1-0"]
[WhiteElo "2078"]
[BlackElo "2143"]
[PlyCount "123"]
[EventDate "2012.10.06"]
[EventType "team-tourn"]
[EventRounds "11"]
[EventCountry "GER"]
[SourceTitle "EXT 2014"]
[Source "ChessBase"]
[SourceDate "2013.11.20"]
[SourceVersion "1"]
[SourceVersionDate "2013.11.20"]
[SourceQuality "1"]
[WhiteTeam "Grosslehna (W)"]
[BlackTeam "Karlsruhe (W)"]
[WhiteTeamCountry "GER"]
[BlackTeamCountry "GER"]

1. d4 d6 2. e4 Nd7 3. Nf3 g6 4. Bc4 c6 5. a4 d5 6. exd5 Nb6 7. Bb3 Nxd5 8. 0-0 Bg7 9. c3 Ngf6 10. Na3 0-0 11. Nc4 Qc7 12. Re1 Bf5 13. h3 Rad8 14. Qe2 Nh5 15. Nce5 Nhf4 16. Qf1 f6 17. Bxf4 fxe5 18. Bxe5 Bxe5 19. Nxe5 Qb6 20. Bxd5+ Rxd5 21. b4 Qd8 22. a5 Qd6 23. Qe2 Qf6 24. Qe3 Rd6 25. Ra2 Qh4 26. Rae2 Be6 27. Nf3 Qh5 28. Qg5 Bxh3 29. Qxh5 gxh5 30. Ng5 Bc8 31. Rxe7 h6 32. Ne4 Rg6 33. Nc5 Bh3 34. g3 h4 35. R1e3 hxg3 36. Rxg3 Rxg3+ 37. fxg3 Rf3 38. Kh2 Bf5 39. Rxb7 Rxc3 40. Rxa7 Rc4 41. Rb7 Rc2+ 42. Kg1 Bh3 43. a6 Rg2+ 44. Kh1 Rxg3 45. a7 Ra3 46. Rb8+ Kf7 47. a8Q Rxa8 48. Rxa8 Ke7 49. Rh8 h5 50. Rxh5 Bg4 51. Re5+ Kd6 52. Kg2 Kc7 53. Kg3 Bc8 54. Re8 Bf5 55. Kf4 Bh3 56. Ke5 Bc8 57. Rxc8+ Kxc8 58. Kd6 Kb8 59. Kxc6 Ka7 60. d5 Kb8 61. Nb7 Ka7 62. d6 1-0

[Event "BL 0809 (Women)"]
[Site "Germany"]
[Date "2009.01.25"]
[Round "7.6"]
[White "Klek, Hanna Marie"]
[Black "Lehmann, Christina"]
[Result "0-1"]
[WhiteElo "2004"]
[BlackElo "2097"]
[PlyCount "90"]
[EventDate "2008.11.08"]
[EventType "team-tourn"]
[EventRounds "11"]
[EventCountry "GER"]
[SourceTitle "EXT 2010"]
[Source "ChessBase"]
[SourceDate "2010.11.25"]
[SourceVersion "1"]
[SourceVersionDate "2010.11.25"]
[SourceQuality "1"]
[WhiteTeam "Bad Koenigshofen (W)"]
[BlackTeam "Grosslehna (W)"]
[WhiteTeamCountry "GER"]
[BlackTeamCountry "GER"]

1. e4 c5 2. Nf3 d6 3. d4 cxd4 4. Nxd4 Nf6 5. Nc3 a6 6. Be3 e6 7. g4 b5 8. f3 Nfd7 9. Qd2 Nb6 10. 0-0-0 N8d7 11. Qf2 Bb7 12. Bd3 Rc8 13. f4 b4 14. Nce2 Nc5 15. Qf3 Nxd3+ 16. Rxd3 Qc7 17. c3 Qc4 18. Kc2 Qxa2 19. Nc1 Qa4+ 20. Ndb3 Nc4 21. Bd4 e5 22. fxe5 dxe5 23. Rf1 f6 24. Bg1 Be7 25. g5 0-0 26. Qg4 Qc6 27. Re1 fxg5 28. Qd7 Rc7 29. Qxc6 Bxc6 30. Nd2 Nxd2 31. Kxd2 bxc3+ 32. bxc3 Rf4 33. Rde3 Bc5 34. R3e2 Bxg1 35. Rxg1 h6 36. Rge1 Bb5 37. Rg2 Rf3 38. Na2 a5 39. Kc2 Bc4 40. Nc1 a4 41. Kb2 Rb7+ 42. Ka3 Rxc3+ 43. Kxa4 Rb1 44. Rgg1 Bb5+ 45. Ka5 Bf1 0-1

[Event "BL 0506 (Women)"]
[Site "Germany"]
[Date "2006.03.05"]
[Round "9.6"]
[White "Lehmann, Christina"]
[Black "Schoene, Maria"]
[Result "0-1"]
[WhiteElo "2032"]
[BlackElo "2096"]
[PlyCount "86"]
[EventDate "2005.10.29"]
[EventType "team-tourn"]
[EventRounds "11"]
[EventCountry "GER"]
[SourceTitle "EXT 2007"]
[Source "ChessBase"]
[SourceDate "2006.11.23"]
[SourceVersion "1"]
[SourceVersionDate "2006.11.23"]
[SourceQuality "1"]
[WhiteTeam "Grosslehna (W)"]
[BlackTeam "Dresden SC (W)"]
[WhiteTeamCountry "GER"]
[BlackTeamCountry "GER"]

1. d4 Nf6 2. c4 g6 3. Nc3 Bg7 4. e4 d6 5. f4 0-0 6. Nf3 c5 7. d5 b5 8. cxb5 a6 9. bxa6 Qa5 10. Bd2 Bxa6 11. Bxa6 Qxa6 12. Qe2 Qxe2+ 13. Kxe2 Nfd7 14. Rhe1 Na6 15. a3 Rfb8 16. Rab1 Nc7 17. Kd3 Nb6 18. Kc2 h6 19. Re2 Kf8 20. g4 Nc4 21. Be1 Nb5 22. Nxb5 Rxb5 23. e5 Rab8 24. Kc1 Nxa3 25. Ra1 Nc4 26. Bc3 Nb6 27. Rd2 c4 28. Ra5 Nd7 29. Ra7 Nc5 30. Kd1 Nb3 31. Re2 Rxd5+ 32. Kc2 dxe5 33. Nxe5 Bxe5 34. Rxe5 Nd4+ 35. Bxd4 Rxd4 36. Rexe7 Rxf4 37. Rec7 Rb3 38. h4 Rg3 39. g5 hxg5 40. hxg5 Rxg5 41. Rc8+ Kg7 42. Raa8 Rg2+ 43. Kb1 Rf1+ 0-1

[Event "BL 0506 (Women)"]
[Site "Germany"]
[Date "2006.02.12"]
[Round "7.5"]
[White "Lehmann, Christina"]
[Black "Uhlendorf, Kristina"]
[Result "1/2-1/2"]
[WhiteElo "2032"]
[BlackElo "1949"]
[PlyCount "37"]
[EventDate "2005.10.29"]
[EventType "team-tourn"]
[EventRounds "11"]
[EventCountry "GER"]
[SourceTitle "EXT 2007"]
[Source "ChessBase"]
[SourceDate "2006.11.23"]
[SourceVersion "1"]
[SourceVersionDate "2006.11.23"]
[SourceQuality "1"]
[WhiteTeam "Grosslehna (W)"]
[BlackTeam "Zeulenroda"]
[WhiteTeamCountry "GER"]
[BlackTeamCountry "GER"]

1. c4 Nf6 2. Nc3 g6 3. e4 d6 4. d4 c6 5. Be3 Bg7 6. f3 Nbd7 7. Qd2 0-0 8. 0-0-0 Qa5 9. Kb1 Rb8 10. g4 b5 11. cxb5 cxb5 12. Nd5 Qxd2 13. Nxe7+ Kh8 14. Rxd2 Bb7 15. d5 Rbe8 16. Nc6 Nxd5 17. Rxd5 Bxc6 18. Rxd6 Ne5 19. Bf4 1/2-1/2

[Event "BL 0506 (Women)"]
[Site "Germany"]
[Date "2006.02.11"]
[Round "6.5"]
[White "Barpiyeva, Gulsana"]
[Black "Lehmann, Christina"]
[Result "1-0"]
[WhiteElo "2107"]
[BlackElo "2032"]
[PlyCount "67"]
[EventDate "2005.10.29"]
[EventType "team-tourn"]
[EventRounds "11"]
[EventCountry "GER"]
[SourceTitle "EXT 2007"]
[Source "ChessBase"]
[SourceDate "2006.11.23"]
[SourceVersion "1"]
[SourceVersionDate "2006.11.23"]
[SourceQuality "1"]
[WhiteTeam "Walldorf"]
[BlackTeam "Grosslehna (W)"]
[WhiteTeamCountry "GER"]
[BlackTeamCountry "GER"]

1. g3 c5 2. c4 Nc6 3. Bg2 g6 4. Nc3 Bg7 5. Nf3 e6 6. e4 Nge7 7. 0-0 0-0 8. d3 d6 9. Be3 Nd4 10. Nh4 Rb8 11. Qd2 a6 12. f4 Bd7 13. Rae1 b5 14. Nd1 Qb6 15. e5 Nef5 16. Nxf5 Nxf5 17. Bf2 Bc6 18. g4 Nd4 19. Bh4 Bxg2 20. Qxg2 dxe5 21. fxe5 Rb7 22. Re3 Qc6 23. Qf2 Qc7 24. Bf6 Nc6 25. Qh4 Rfb8 26. Rh3 h5 27. Bxg7 Kxg7 28. Qf6+ Kg8 29. Re1 Qe7 30. Qf4 g5 31. Qe4 Nd4 32. Rxh5 f5 33. exf6 Qxf6 34. Rf1 1-0

[Event "BL 0304 (Women)"]
[Site "Germany"]
[Date "2004.04.17"]
[Round "10.4"]
[White "Lehmann, Christina"]
[Black "Steinbacher, Claudia"]
[Result "0-1"]
[WhiteElo "2156"]
[BlackElo "2154"]
[PlyCount "82"]
[EventDate "2003.11.29"]
[EventType "team-tourn"]
[EventRounds "11"]
[EventCountry "GER"]
[SourceTitle "EXT 2005"]
[Source "ChessBase"]
[SourceDate "2004.11.15"]
[SourceVersion "1"]
[SourceVersionDate "2004.11.15"]
[SourceQuality "1"]
[WhiteTeam "Grosslehna (W)"]
[BlackTeam "Rodewisch"]
[WhiteTeamCountry "GER"]
[BlackTeamCountry "GER"]

1. d4 Nf6 2. c4 e6 3. Nc3 d5 4. cxd5 exd5 5. Bg5 Be7 6. e3 h6 7. Bf4 c6 8. Qc2 0-0 9. Bd3 Nh5 10. Bg3 Be6 11. Nge2 Nd7 12. 0-0 Rc8 13. Rab1 Nxg3 14. hxg3 Nf6 15. b4 Bd6 16. Rfc1 Ng4 17. Bh7+ Kh8 18. Bf5 Qd7 19. Bxg4 Bxg4 20. Rb2 Bf5 21. Qd2 g5 22. Na4 Qe7 23. Nc5 Kg7 24. Rb3 h5 25. a3 Rh8 26. f3 Rce8 27. Kf2 g4 28. Rbc3 h4 29. f4 h3 30. Rg1 Bxc5 31. dxc5 Be4 32. Nd4 Qf6 33. Qe2 Qg6 34. gxh3 Rxh3 35. Ke1 Reh8 36. Qb2 Rh1 37. Ne2 Qf6 38. Rb3 Bf3 39. Qxf6+ Kxf6 40. Rb1 R8h2 41. Rxh1 Rxh1+ 0-1

[Event "BL 0304 (Women)"]
[Site "Germany"]
[Date "2003.11.30"]
[Round "4.4"]
[White "Lehmann, Christina"]
[Black "Lanchava, Tea"]
[Result "0-1"]
[WhiteElo "2156"]
[BlackElo "2309"]
[PlyCount "124"]
[EventDate "2003.11.29"]
[EventType "team-tourn"]
[EventRounds "11"]
[EventCountry "GER"]
[SourceTitle "EXT 2005"]
[Source "ChessBase"]
[SourceDate "2004.11.15"]
[SourceVersion "1"]
[SourceVersionDate "2004.11.15"]
[SourceQuality "1"]
[WhiteTeam "Grosslehna (W)"]
[BlackTeam "Emsdetten (W)"]
[WhiteTeamCountry "GER"]
[BlackTeamCountry "GER"]

1. d4 g6 2. c4 Bg7 3. Nc3 d6 4. e4 e5 5. dxe5 dxe5 6. Qxd8+ Kxd8 7. Be3 Be6 8. Nf3 f6 9. Be2 Bh6 10. Rd1+ Nd7 11. Bxh6 Nxh6 12. 0-0 Nf7 13. b3 c6 14. Rd2 Kc7 15. Rfd1 a5 16. Ne1 f5 17. Nd3 b6 18. Bf1 f4 19. Nb2 Nf6 20. f3 g5 21. Rc1 Kb7 22. c5 b5 23. g4 fxg3 24. hxg3 g4 25. f4 b4 26. Ne2 Nxe4 27. Rd3 Rhd8 28. Re3 Nd2 29. Nd3 e4 30. Ne5 Nh6 31. Bg2 Nf5 32. Bxe4 Nxe3 33. Bxc6+ Kc7 34. Bxa8 Rxa8 35. Nd4 Re8 36. Nb5+ Kd8 37. Kf2 Nd5 38. Nd6 Rf8 39. Nc6+ Kd7 40. Ne5+ Kc7 41. Rd1 Nf3 42. Nb5+ Kb7 43. c6+ Ka6 44. Nxf3 gxf3 45. Rxd5 Bxd5 46. Nc7+ Kb6 47. Nxd5+ Kxc6 48. Ne3 Rd8 49. Nc4 a4 50. Kxf3 a3 51. f5 Rd3+ 52. Kf4 Rd4+ 53. Ke3 Rxc4 54. bxc4 b3 55. f6 Kd7 56. c5 bxa2 57. c6+ Kxc6 58. f7 a1Q 59. f8Q Qe1+ 60. Kd3 Qxg3+ 61. Kc2 Qg2+ 62. Kb3 Qd5+ 0-1

[Event "BL2 Ost 0001 (Women)"]
[Site "Germany"]
[Date "2000.??.??"]
[Round "?"]
[White "Lehmann, Christina"]
[Black "Jaracz, Barbara"]
[Result "1/2-1/2"]
[WhiteElo "2132"]
[BlackElo "2316"]
[PlyCount "53"]
[EventDate "2000.??.??"]
[EventType "team-tourn"]
[EventRounds "7"]
[EventCountry "GER"]
[SourceTitle "EXT 2002"]
[Source "ChessBase"]
[SourceDate "2001.11.25"]
[SourceVersion "1"]
[SourceVersionDate "2001.11.25"]
[SourceQuality "1"]

1. d4 Nf6 2. c4 g6 3. Nc3 Bg7 4. e4 d6 5. f4 0-0 6. Be2 c5 7. d5 e6 8. Nf3 exd5 9. exd5 Na6 10. 0-0 Nc7 11. a4 Na6 12. Bd3 Nb4 13. Bb1 a6 14. f5 Re8 15. fxg6 hxg6 16. Bg5 Qc7 17. Bxf6 Bxf6 18. Qd2 Bg4 19. Qf4 Bxf3 20. Qxf6 Be2 21. Nxe2 Rxe2 22. Ra3 Qe7 23. Qf4 Re1 24. Raf3 Rxf1+ 25. Rxf1 Re8 26. h4 Kg7 27. a5 1/2-1/2

[Event "BL2 Mitte 9899 (Women)"]
[Site "Germany"]
[Date "1998.??.??"]
[Round "?"]
[White "Nuenchert, Eveline"]
[Black "Lehmann, Christina"]
[Result "1/2-1/2"]
[WhiteElo "2210"]
[BlackElo "2145"]
[PlyCount "68"]
[EventDate "1998.??.??"]
[EventType "team-tourn"]
[EventRounds "7"]
[EventCountry "GER"]
[SourceTitle "EXT 2000"]
[Source "ChessBase"]
[SourceDate "1999.11.16"]
[SourceVersion "1"]
[SourceVersionDate "1999.11.16"]
[SourceQuality "1"]

1. e4 c5 2. Nf3 d6 3. d4 cxd4 4. Qxd4 Nc6 5. Bb5 Bd7 6. Bxc6 Bxc6 7. Nc3 Nf6 8. Bg5 e6 9. 0-0-0 Be7 10. Rhe1 0-0 11. h3 Qc7 12. Qd3 Rfd8 13. Nd4 a6 14. f4 Rac8 15. f5 Bd7 16. fxe6 fxe6 17. Nf3 Be8 18. Qe2 h6 19. Bh4 Nh5 20. Bxe7 Qxe7 21. e5 d5 22. Nd4 Qg5+ 23. Qd2 Qxd2+ 24. Rxd2 Bd7 25. Rf2 Rf8 26. Ref1 Rxf2 27. Rxf2 Rf8 28. Rxf8+ Kxf8 29. Nce2 g5 30. Kd2 Kf7 31. Ke3 Ng7 32. g4 Ke7 33. Nc3 Ne8 34. Nb3 Nc7 1/2-1/2